| 000 | 00406 a2200169 4500 | ||
|---|---|---|---|
| 001 | 157016 | ||
| 020 | _a8516040046 | ||
| 040 | _cEscola São Tomás de Aquino | ||
| 100 | _aCANTO, Eduardo Leite do | ||
| 240 | 1 | 0 |
_aMinerais, minérios, metais _lpor |
| 245 | 1 | 0 | _aMinerais, minérios, metais |
| 300 | _a143 p. | ||
| 362 | 0 | _a1996 | |
| 440 | 1 | _aModerna | |
| 697 | _aMineralogia / Metais | ||
| 942 | _cBK | ||
| 999 |
_c157016 _d157016 |
||